Sefer ḥasidim : (Record no. 32834)

MARC details
000 -LEADER
fixed length control field 00739cam a22002291 4500
001 - CONTROL NUMBER
control field he 68000156
003 - CONTROL NUMBER IDENTIFIER
control field DLC
005 - DATE AND TIME OF LATEST TRANSACTION
control field 20260227111452.0
008 - FIXED-LENGTH DATA ELEMENTS--GENERAL INFORMATION
fixed length control field 840306s1965 is 000 0 heb
010 ## - LIBRARY OF CONGRESS CONTROL NUMBER
LC control number he 68000156
035 ## - SYSTEM CONTROL NUMBER
System control number (OCoLC)19137103
040 ## - CATALOGING SOURCE
Original cataloging agency DLC
Transcribing agency MH
Modifying agency DLC
050 00 - LIBRARY OF CONGRESS CALL NUMBER
Classification number BJ1287.J83
Item number S4 1965
100 0# - MAIN ENTRY--PERSONAL NAME
Personal name Judah ben Samuel,
Dates associated with a name approximately 1150-1217.
245 10 - TITLE STATEMENT
Title Sefer ḥasidim :
Remainder of title ʻim shene perushim /
Statement of responsibility, etc. ... Daṿid Apṭerod ... Daṿid Azulaʼi.
260 ## - PUBLICATION, DISTRIBUTION, ETC.
Place of publication, distribution, etc. Jerusalem :
Name of publisher, distributor, etc. Leṿin-Epshṭayn,
Date of publication, distribution, etc. 726 [1965 or 1966]
300 ## - PHYSICAL DESCRIPTION
Extent 223, 25, 37 p. ;
Dimensions 23 cm.
650 #0 - SUBJECT ADDED ENTRY--TOPICAL TERM
Topical term or geographic name entry element Jewish ethics.
700 1# - ADDED ENTRY--PERSONAL NAME
Personal name Abetrode, David,
Dates associated with a name -1728.
700 1# - ADDED ENTRY--PERSONAL NAME
Personal name Azulai, Hayyim Joseph David,
Dates associated with a name 1724-1806.
752 ## - ADDED ENTRY--HIERARCHICAL PLACE NAME
Country or larger entity Israel
City Jerusalem

No items available.

Powered by Koha